[Event "5th European Individual Chess Champions"]
[Site "Antalya Turkey "]
[Date "2004.05.16"]
[Round "1.4"]
[White "Pashikian, Arman"]
[Black "Ragjabov, Teimour"]
[Result "0-1"]
[WhiteElo "2466"]
[BlackElo "2670"]
[PlyCount "61"]
[EventDate "2004.05.16"]

1. e4 e6 2. d4 d5 3. Nd2 c5 4. Ngf3 cxd4 5. exd5 Qxd5 6. Bc4 Qd6 7. O-O Nf6 8.
Nb3 Nc6 9. Nbxd4 Nxd4 10. Nxd4 a6 11. c3 Qc7 12. Bb3 Bd6 13. Kh1 O-O 14. Bg5
Ne4 15. Bh4 e5 16. Bc2 Nxc3 17. bxc3 exd4 18. cxd4 Be6 19. d5 Bd7 20. Rc1 Qa5
21. Bf6 Rfc8 22. Ba1 Qd8 23. Qh5 h6 24. f4 Qe8 25. Rce1 Rxc2 26. Rxe8+ Rxe8 27.
Be5 Bf8 28. Qd1 Bf5 29. d6 Rd8 30. Qd5 Rc6 31. Qb3 0-1

[Event "5th European Individual Chess Champions"]
[Site "Antalya Turkey "]
[Date "2004.05.16"]
[Round "1.7"]
[White "Aronian, Levon"]
[Black "Klinova, Masha"]
[Result "1/2-1/2"]
[WhiteElo "2645"]
[BlackElo "2436"]
[PlyCount "43"]
[EventDate "2004.05.16"]

1. d4 d6 2. c4 e5 3. Nf3 e4 4. Ng5 f5 5. Nc3 Be7 6. Nh3 Nf6 7. Nf4 c6 8. h4 Na6
9. e3 O-O 10. Be2 Nc7 11. Qb3 Rb8 12. a4 Bd7 13. Bd2 Be8 14. Qc2 Bf7 15. b4 Ne6
16. Nh3 d5 17. g3 h6 18. c5 Bh5 19. Bxh5 Nxh5 20. Ne2 Qd7 21. Nhf4 Nhxf4 22.
Nxf4 1/2-1/2

[Event "5th European Individual Chess Champions"]
[Site "Antalya Turkey "]
[Date "2004.05.16"]
[Round "1.8"]
[White "Jonkman, Harmen"]
[Black "Macieja, Bartlomiej"]
[Result "0-1"]
[WhiteElo "2421"]
[BlackElo "2633"]
[PlyCount "40"]
[EventDate "2004.05.16"]

1. e4 Nf6 2. e5 Nd5 3. d4 d6 4. c4 Nb6 5. exd6 exd6 6. Nc3 Be7 7. Nge2 O-O 8.
Nf4 c5 9. d5 Bf6 10. Qb3 Re8+ 11. Be2 Bg4 12. O-O Bxe2 13. Ncxe2 Re4 14. a4 a5
15. Bd2 Nxc4 16. Bc3 Bxc3 17. bxc3 Qb6 18. Rfb1 Nd7 19. Qc2 Qc7 20. Ra2 Rae8
0-1

[Event "5th European Individual Chess Champions"]
[Site "Antalya Turkey "]
[Date "2004.05.16"]
[Round "1.9"]
[White "Jobava, Baadur"]
[Black "Neubauer, Martin"]
[Result "1-0"]
[WhiteElo "2616"]
[BlackElo "2418"]
[PlyCount "51"]
[EventDate "2004.05.16"]

1. c4 c5 2. Nc3 g6 3. g3 Bg7 4. Bg2 Nc6 5. Nf3 Nh6 6. e4 Ng4 7. d3 d6 8. O-O
O-O 9. h3 Nge5 10. Ne1 Nd4 11. Bg5 Rb8 12. a4 Nec6 13. Nd5 a6 14. Nc2 h6 15.
Be3 b5 16. axb5 axb5 17. Nxd4 cxd4 18. cxb5 Rxb5 19. Qa4 Rb8 20. Bd2 Bd7 21.
Rfb1 Nb4 22. Qd1 Nxd5 23. exd5 Rb7 24. h4 h5 25. b4 Bb5 26. Ra3 1-0

[Event "5th European Individual Chess Champions"]
[Site "Antalya Turkey "]
[Date "2004.05.15"]
[Round "1.14"]
[White "Erdogdu, Mert"]
[Black "Navara, David"]
[Result "0-1"]
[WhiteElo "2369"]
[BlackElo "2602"]
[PlyCount "70"]
[EventDate "2004.05.16"]

1. e4 c5 2. Nf3 e6 3. d4 cxd4 4. Nxd4 a6 5. c4 Nf6 6. Nc3 Bb4 7. Qc2 O-O 8. Bd3
e5 9. Nb3 d6 10. O-O Bxc3 11. Qxc3 Be6 12. f3 Nbd7 13. Be3 Qc7 14. Rfc1 Rfc8
15. Qe1 a5 16. Nd2 Nc5 17. Bf1 Qb6 18. Rc2 Qb4 19. Qc1 Ne8 20. Nb1 f5 21. Nc3
fxe4 22. a3 Qb3 23. Nxe4 Nxe4 24. fxe4 Nf6 25. Rc3 Qa4 26. Bd3 Qc6 27. b4 b5
28. c5 Nxe4 29. Rc2 dxc5 30. bxc5 b4 31. axb4 axb4 32. Rxa8 Rxa8 33. Rc4 Nc3
34. Rxb4 Na2 35. Rb6 Nxc1 0-1

[Event "5th European Individual Chess Champions"]
[Site "Antalya Turkey "]
[Date "2004.05.15"]
[Round "1.15"]
[White "Agrest, Evgenij"]
[Black "Thorfinnsson, Bjorn"]
[Result "1-0"]
[WhiteElo "2601"]
[BlackElo "2345"]
[PlyCount "49"]
[EventDate "2004.05.16"]

1. d4 d5 2. Nf3 Nf6 3. c4 c6 4. Qb3 e6 5. Bg5 Be7 6. e3 Nbd7 7. Nc3 O-O 8. Bd3
b6 9. O-O Ba6 10. Rfd1 dxc4 11. Bxc4 Bxc4 12. Qxc4 Rc8 13. e4 b5 14. Qe2 b4 15.
Nb1 c5 16. dxc5 Rxc5 17. Nbd2 Qc7 18. Nb3 Rc2 19. Rd2 Rxd2 20. Nfxd2 Bd6 21. g3
Qc2 22. Bxf6 gxf6 23. Rc1 Qxb2 24. Qd3 Be5 25. Rc2 1-0

[Event "5th European Individual Chess Champions"]
[Site "Antalya Turkey "]
[Date "2004.05.15"]
[Round "1.16"]
[White "Atakisi, Umut"]
[Black "Miroshnichenko, Evgenij"]
[Result "1/2-1/2"]
[WhiteElo "2344"]
[BlackElo "2599"]
[PlyCount "121"]
[EventDate "2004.05.16"]

1. e4 c5 2. Nf3 d6 3. d4 Nf6 4. Nc3 cxd4 5. Nxd4 Nc6 6. Bg5 Qb6 7. Nb3 e6 8.
Qd2 Be7 9. O-O-O O-O 10. f3 a6 11. h4 Rd8 12. Be3 Qc7 13. Qf2 Nd7 14. g4 b5 15.
Kb1 Nce5 16. g5 Rb8 17. h5 Nb6 18. Bd3 Na4 19. Ne2 Bb7 20. g6 Bf6 21. gxh7+ Kh8
22. Bd4 Qe7 23. f4 Nc6 24. Rhg1 Nxd4 25. Nexd4 Nc5 26. Qe2 Nxb3 27. Nxb3 e5 28.
f5 Bg5 29. c4 Qf6 30. cxb5 axb5 31. Bxb5 Bxe4+ 32. Qxe4 Rxb5 33. Qc6 Rbb8 34.
Ka1 Kxh7 35. Qe4 d5 36. Rxd5 Rxd5 37. Qxd5 Qxf5 38. Nc5 Be3 39. Rb1 Bd4 40. Nb3
Be3 41. Re1 Bf4 42. a4 Rb4 43. Nc5 Rd4 44. Qb3 e4 45. Qc2 Qxh5 46. Rxe4 Qd1+
47. Qxd1 Rxd1+ 48. Ka2 g5 49. a5 Rd5 50. b4 Bb8 51. Kb3 Kg6 52. Kc4 Rd1 53. b5
Ra1 54. Re8 Ba7 55. b6 Rxa5 56. bxa7 Rxa7 57. Kd4 Ra1 58. Rg8+ Kf5 59. Ke3 Ra3+
60. Kf2 Rc3 61. Rxg5+ 1/2-1/2

[Event "5th European Individual Chess Champions"]
[Site "Antalya Turkey "]
[Date "2004.05.15"]
[Round "1.18"]
[White "Iotov, Valentin"]
[Black "Istratescu, Andrei"]
[Result "1-0"]
[WhiteElo "2342"]
[BlackElo "2587"]
[PlyCount "127"]
[EventDate "2004.05.16"]

1. d4 g6 2. e4 Bg7 3. Nf3 d6 4. Nc3 a6 5. a4 Bg4 6. Be2 Nc6 7. Be3 Nf6 8. O-O
O-O 9. d5 Nb8 10. Nd4 Bxe2 11. Qxe2 c6 12. Rad1 Qc7 13. h3 Nbd7 14. Nb3 Rfe8
15. f4 cxd5 16. exd5 Nb6 17. Kh2 Nc4 18. Bc1 Rac8 19. Nd4 Qa5 20. Qf3 Nd7 21.
Nde2 b5 22. axb5 axb5 23. Nd4 b4 24. Nc6 Qb6 25. Na4 Qb5 26. b3 Na5 27. Na7 Qb7
28. Nxc8 Rxc8 29. Rf2 f5 30. g4 fxg4 31. hxg4 Nf6 32. g5 Nh5 33. Qe4 e5 34. f5
gxf5 35. Qxf5 Nf4 36. Bxf4 exf4 37. Kg2 Be5 38. Qe6+ Kh8 39. Rh1 Rg8 40. Rh5
Nc6 41. dxc6 Qxc6+ 42. Kf1 Qe4 43. Qc4 Qxc4+ 44. bxc4 Ra8 45. Nb6 Ra1+ 46. Ke2
Ra2 47. Kf1 Ra1+ 48. Kg2 Bd4 49. Nd5 Bxf2 50. Kxf2 Ra2 51. Nxb4 Rb2 52. Nd5
Rxc2+ 53. Kf3 Rxc4 54. Nxf4 Kg7 55. Rh6 Rc6 56. Kg4 Rc4 57. Rxd6 Ra4 58. Rd7+
Kh8 59. Kf5 Ra8 60. Kf6 Kg8 61. Ne6 Rb8 62. Rd8+ Rxd8 63. Nxd8 Kf8 64. Ne6+ 1-0

[Event "5th European Individual Chess Champions"]
[Site "Antalya Turkey "]
[Date "2004.05.15"]
[Round "1.20"]
[White "Yilmaz, Turhan"]
[Black "Minasian, Artashes"]
[Result "0-1"]
[WhiteElo "2311"]
[BlackElo "2585"]
[PlyCount "96"]
[EventDate "2004.05.16"]

1. e4 g6 2. h4 d5 3. exd5 Nf6 4. d4 Qxd5 5. c4 Qa5+ 6. Nc3 Bg7 7. Bd2 c6 8. Nd5
Qd8 9. Nxf6+ Bxf6 10. Bc3 h5 11. Qd2 Bf5 12. Ne2 e6 13. Qf4 Nd7 14. Ng3 O-O 15.
O-O-O c5 16. Nxf5 exf5 17. Rh3 cxd4 18. Bxd4 Qc8 19. Re3 Rd8 20. g3 Qc6 21. Be2
Nb6 22. Bxf6 Qxf6 23. Qe5 Rxd1+ 24. Bxd1 Qxe5 25. Rxe5 Nxc4 26. Re7 Rc8 27. b3
Kf8 28. Re2 Ne5+ 29. Bc2 Nf3 30. Kb2 Re8 31. Rxe8+ Kxe8 32. Bd1 Nd2 33. Kc3
Ne4+ 34. Kd4 Nxf2 35. Bf3 b6 36. Kc4 Kd7 37. Bd5 Ne4 38. Kd4 Nd6 39. Ke5 Ke7
40. Ba8 Nb5 41. Bc6 f6+ 42. Kf4 Nc7 43. a3 Kd6 44. Bb7 Ne6+ 45. Ke3 Nc5 46. Bf3
Nxb3 47. Be2 Nc5 48. Bc4 Ne6 0-1

[Event "5th European Individual Chess Champions"]
[Site "Antalya Turkey "]
[Date "2004.05.15"]
[Round "1.21"]
[White "Izoria, Zviad"]
[Black "Karadeniz, Emre"]
[Result "1-0"]
[WhiteElo "2573"]
[BlackElo "2310"]
[PlyCount "111"]
[EventDate "2004.05.16"]

1. d4 Nf6 2. Nf3 d5 3. c4 e6 4. Nc3 Be7 5. Qc2 O-O 6. Bg5 Nbd7 7. e3 c6 8. Rd1
h6 9. Bh4 b6 10. Be2 Bb7 11. O-O Rc8 12. Qa4 a6 13. Qb3 dxc4 14. Bxc4 b5 15. a4
Rb8 16. Bxe6 fxe6 17. Qxe6+ Rf7 18. Bg3 Rc8 19. Ne5 Nxe5 20. dxe5 Qe8 21. exf6
Bxf6 22. Qb3 Bxc3 23. Qxc3 c5 24. axb5 axb5 25. f3 b4 26. Qc4 Qxe3+ 27. Kh1 Qe7
28. Rfe1 Qf6 29. Re6 Qf5 30. Re7 Bc6 31. Rde1 Bd5 32. Qb5 Rxe7 33. Rxe7 Bf7 34.
h3 Rd8 35. Be5 Qg6 36. Qxc5 Rd2 37. Qc8+ Kh7 38. Qg4 h5 39. Qxg6+ Kxg6 40. Rb7
b3 41. Rb6+ Kh7 42. Bc3 Rd7 43. Kh2 Re7 44. Kg3 Bc4 45. Rc6 Bd3 46. Rd6 Bc2 47.
Kf2 Bg6 48. Kg3 Bf7 49. Kh4 Re2 50. Rd7 Kg8 51. g4 hxg4 52. hxg4 Re6 53. f4 Re8
54. f5 Re2 55. g5 Re4+ 56. Kg3 1-0

[Event "5th European Individual Chess Champions"]
[Site "Antalya Turkey "]
[Date "2004.??.??"]
[Round "1.26"]
[White "Erdogan, H:akan"]
[Black "Cheparinov, Ivan"]
[Result "1/2-1/2"]
[WhiteElo "2252"]
[BlackElo "2555"]
[PlyCount "83"]
[EventDate "2004.05.16"]

1. d4 Nf6 2. c4 g6 3. Nc3 Bg7 4. e4 d6 5. Nf3 O-O 6. Be2 e5 7. dxe5 dxe5 8.
Qxd8 Rxd8 9. Bg5 Nbd7 10. O-O-O Rf8 11. Nd2 c6 12. f3 Nc5 13. Nb3 Ne6 14. Be3
Re8 15. c5 Bf8 16. Kb1 Nd7 17. Na4 Rb8 18. Rc1 Nf4 19. Bf1 Be7 20. g3 Ne6 21.
h4 Nf6 22. Be2 Nh5 23. Bf2 Bf6 24. Rhd1 Nd4 25. Nxd4 exd4 26. b3 Bg7 27. Rc2 f5
28. Bd3 fxe4 29. Bxe4 Nf6 30. Bd3 Nd5 31. Re2 Rxe2 32. Bxe2 Bf5+ 33. Bd3 b5 34.
cxb6 axb6 35. Bxf5 gxf5 36. Bxd4 Bxd4 37. Rxd4 Re8 38. Rd3 Re1+ 39. Kb2 Re2+
40. Kb1 Re1+ 41. Kb2 Re2+ 42. Kb1 1/2-1/2

[Event "5th European Individual Chess Champions"]
[Site "Antalya Turkey "]
[Date "2004.05.15"]
[Round "1.28"]
[White "Yeke, Serkan"]
[Black "Parligras, Mircea"]
[Result "0-1"]
[WhiteElo "2238"]
[BlackElo "2549"]
[PlyCount "114"]
[EventDate "2004.05.16"]

1. Nf3 g6 2. e4 Bg7 3. d4 d6 4. Nc3 a6 5. Bd3 Nd7 6. Bg5 c5 7. dxc5 Nxc5 8. O-O
b5 9. Qe2 Bb7 10. a3 Nf6 11. Rad1 Nfd7 12. Bd2 Rc8 13. Rc1 O-O 14. b4 Bxc3 15.
Bxc3 Nxe4 16. Bb2 Nc3 17. Qe3 e5 18. Ng5 h6 19. Nh3 Kg7 20. Kh1 Qh4 21. f4 Nf6
22. fxe5 Ng4 23. Qg3 Qxg3 24. hxg3 dxe5 25. Rfe1 Rfe8 26. Kg1 e4 27. Nf2 Nf6
28. Bf1 e3 29. Nd1 Nxd1 30. Rexd1 e2 31. Rd6 e1=Q 32. Bxf6+ Kf8 33. Rxe1 Rxe1
34. Kf2 Re6 35. Rxe6 fxe6 36. Bd3 Kf7 37. Be5 Rd8 38. g4 Rd5 39. Bf4 g5 40. Be3
e5 41. Be2 Rd8 42. c4 bxc4 43. Bxc4+ Kf6 44. a4 Rc8 45. Be2 Rc2 46. Ke1 Ke7 47.
g3 Kd7 48. Bd3 Ra2 49. a5 Kd6 50. Bc4 Rc2 51. Bd3 Rb2 52. Bc5+ Kd5 53. Kd1 Ra2
54. Be3 Rg2 55. b5 axb5 56. Bxb5 Rxg3 57. Ke2 Rxg4 0-1

[Event "5th European Individual Chess Champions"]
[Site "Antalya Turkey "]
[Date "2004.05.15"]
[Round "1.29"]
[White "Guseinov, Gadir"]
[Black "Makoli, Perparim"]
[Result "1-0"]
[WhiteElo "2548"]
[BlackElo "2228"]
[PlyCount "59"]
[EventDate "2004.05.16"]

1. e4 c5 2. Nf3 d6 3. d4 cxd4 4. Nxd4 Nf6 5. Nc3 a6 6. Bg5 e6 7. f4 Be7 8. Qf3
Qc7 9. O-O-O Nbd7 10. g4 b5 11. Bxf6 gxf6 12. f5 Ne5 13. Qg3 Bd7 14. Bh3 Nc6
15. Nxc6 Bxc6 16. fxe6 fxe6 17. g5 f5 18. Rhe1 b4 19. exf5 bxc3 20. f6 cxb2+
21. Kb1 Ba4 22. Rd2 Qa5 23. Qd3 Bb5 24. Qd4 Bc4 25. Qxc4 Qxd2 26. Qc6+ Kf7 27.
Bxe6+ Kg6 28. Qe4+ Kh5 29. Bf7+ Kxg5 30. Rg1+ 1-0

[Event "5th European Individual Chess Champions"]
[Site "Antalya Turkey "]
[Date "2004.05.15"]
[Round "1.30"]
[White "Bente, Bjoern"]
[Black "Nyback, Tomi"]
[Result "0-1"]
[WhiteElo "2219"]
[BlackElo "2545"]
[PlyCount "86"]
[EventDate "2004.05.16"]

1. d4 Nf6 2. Nf3 e6 3. e3 b6 4. Bd3 Bb7 5. c4 d5 6. cxd5 exd5 7. O-O Bd6 8. b3
Qe7 9. Nc3 a6 10. Bb2 O-O 11. Ne2 Nbd7 12. Ng3 g6 13. Re1 Ne4 14. Nd2 f5 15.
Ngf1 Ndf6 16. f3 Ng5 17. Qe2 Qg7 18. f4 Ne6 19. Nf3 Ne4 20. Ne5 g5 21. Bxe4
fxe4 22. Qg4 Bc8 23. f5 Nd8 24. Ng3 Qh6 25. Rf1 Qh4 26. h3 Nf7 27. Nh5 Nh6 28.
Qxh4 gxh4 29. f6 Nf5 30. Rae1 a5 31. Ng4 Kf7 32. Nf4 c6 33. Ne5+ Bxe5 34. dxe5
Be6 35. Rf2 Rg8 36. Rc2 c5 37. Rd2 Rad8 38. Kf2 Rg3 39. a3 d4 40. exd4 e3+ 41.
Rxe3 Nxe3 42. Ne2 cxd4 43. Bxd4 Nf5 0-1

[Event "5th European Individual Chess Champions"]
[Site "Antalya Turkey "]
[Date "2004.05.15"]
[Round "1.31"]
[White "Chatalbashev, Boris"]
[Black "Mamedjarova, Turkan"]
[Result "1-0"]
[WhiteElo "2543"]
[BlackElo "2191"]
[PlyCount "31"]
[EventDate "2004.05.16"]

1. d4 d5 2. c4 e6 3. Nc3 Nf6 4. cxd5 exd5 5. Bg5 Be7 6. e3 O-O 7. Bd3 h6 8. Bf4
Bd6 9. Nge2 c6 10. Qc2 Re8 11. O-O b5 12. Bxd6 Qxd6 13. e4 dxe4 14. Nxe4 Nxe4
15. Bxe4 Be6 16. Rab1 1-0

[Event "5th European Individual Chess Champions"]
[Site "Antalya Turkey "]
[Date "2004.05.15"]
[Round "1.32"]
[White "Demirel, Tolga"]
[Black "Stocek, Jiri"]
[Result "0-1"]
[WhiteElo "2183"]
[BlackElo "2543"]
[PlyCount "92"]
[EventDate "2004.05.16"]

1. d4 Nf6 2. c4 e6 3. Nf3 c5 4. d5 d6 5. Nc3 exd5 6. cxd5 g6 7. h3 a6 8. a4 Qe7
9. g3 Nbd7 10. Bg2 Rb8 11. O-O Bg7 12. Qd3 O-O 13. e4 b5 14. axb5 axb5 15. Nxb5
Qxe4 16. Qxe4 Nxe4 17. Na3 Bxb2 18. Bxb2 Rxb2 19. Nc4 Rb4 20. Nfd2 Nxd2 21.
Nxd2 Nf6 22. Rfc1 Bb7 23. Nc4 Rd8 24. Ne3 Rd4 25. Rd1 Ra8 26. Rxa8+ Bxa8 27.
Rxd4 cxd4 28. Nc4 Bxd5 29. Bxd5 Nxd5 30. Nxd6 Nc3 31. f3 Kg7 32. Kf2 Kf6 33.
Ke1 Ke6 34. Nc4 Na4 35. Kd2 Kd5 36. Na3 Nb2 37. Nc2 Nc4+ 38. Ke2 Ne5 39. Ne1 g5
40. h4 gxh4 41. gxh4 Ng6 42. Ng2 h5 43. Kd3 Ke5 44. Kd2 Nf4 45. Ne1 d3 46. Ke3
f6 0-1

[Event "5th European Individual Chess Champions"]
[Site "Antalya Turkey "]
[Date "2004.05.16"]
[Round "1.33"]
[White "Halkias, Stelios"]
[Black "Aleskerov, Faik"]
[Result "1-0"]
[WhiteElo "2541"]
[BlackElo "2167"]
[PlyCount "38"]
[EventDate "2004.05.16"]

1. d4 c5 2. d5 e5 3. e4 d6 4. Nc3 Be7 5. f4 exf4 6. Bxf4 Nf6 7. Be2 O-O 8. Nf3
a6 9. O-O b5 10. e5 dxe5 11. Bxe5 b4 12. d6 bxc3 13. dxe7 Qxe7 14. Bxc3 Ng4 15.
Qe1 Re8 16. Bd3 Qxe1 17. Raxe1 Rxe1 18. Rxe1 Bd7 19. Ne5 Nf6 1-0

[Event "5th European Individual Chess Champions"]
[Site "Antalya Turkey "]
[Date "2004.05.15"]
[Round "1.34"]
[White "Goksel, Doga Cihan"]
[Black "Petrosian, Tigran"]
[Result "0-1"]
[WhiteElo "2130"]
[BlackElo "2539"]
[PlyCount "60"]
[EventDate "2004.05.16"]

1. Nf3 Nf6 2. d4 g6 3. c4 Bg7 4. g3 c6 5. Bg2 O-O 6. O-O d5 7. b3 a5 8. Nbd2 a4
9. c5 axb3 10. Qxb3 Nfd7 11. Bb2 e5 12. e3 e4 13. Ne1 b6 14. cxb6 Ba6 15. Ba3
Re8 16. Rb1 Bxf1 17. Bxf1 Qxb6 18. Qc3 Qa5 19. Qxa5 Rxa5 20. Nc2 Bf8 21. Rb3
Bxa3 22. Nxa3 Na6 23. Rc3 Nb4 24. Ndb1 Rea8 25. Rb3 Nxa2 26. Bh3 Nc1 27. Rb7
Nf6 28. Nc2 Ra2 29. Nb4 Rb2 30. Nc3 Nd3 0-1

[Event "5th European Individual Chess Champions"]
[Site "Antalya Turkey "]
[Date "2004.05.15"]
[Round "1.36"]
[White "Ersahin, Bulent"]
[Black "Iljushin, Alexei"]
[Result "0-1"]
[WhiteElo "2070"]
[BlackElo "2529"]
[PlyCount "58"]
[EventDate "2004.05.16"]

1. e4 c5 2. Nf3 e6 3. d4 cxd4 4. Nxd4 a6 5. Nc3 b5 6. a3 Bb7 7. Bd3 Qb6 8. Nb3
Nf6 9. Be3 Qc7 10. Qe2 d6 11. O-O Nbd7 12. f4 Be7 13. Kh1 O-O 14. Qf3 Nc5 15.
Rae1 Rac8 16. Bd4 Nfd7 17. Qg3 e5 18. fxe5 dxe5 19. Nxc5 Bxc5 20. Bxc5 Nxc5 21.
Re3 Rcd8 22. Ref3 Qe7 23. Qh3 Rd6 24. Qh5 Rh6 25. Qg4 Qh4 26. Qxh4 Rxh4 27. Rf5
Bxe4 28. Bxe4 Nxe4 29. g3 Nxg3+ 0-1